[Event "LSS WC-2011-S-00011"]
[Site "LSS email"]
[Date "2008.10.23"]
[Round "?"]
[White "Bendig, Frank"]
[Black "Tortato, Lucio"]
[Result "1-0"]
[WhiteElo "2326"]
[BlackElo "1672"]
[PlyCount "79"]
[EventDate "2008.10.23"]
[EventType "tourn (corr)"]
[EventRounds "10"]
[EventCountry "GER"]
[SourceTitle "Corr 2013"]
[Source "ChessBase"]
[SourceDate "2012.11.12"]
[SourceVersion "1"]
[SourceVersionDate "2012.11.12"]
[SourceQuality "1"]
[WhiteTeam "US of America"]
[BlackTeam "US of America"]
[WhiteTeamCountry "USA"]
[BlackTeamCountry "USA"]

1. Nf3 Nf6 2. c4 c5 3. Nc3 e6 4. g3 b6 5. Bg2 Bb7 6. 0-0 Be7 7. d4 cxd4 8. Qxd4 d6 9. Bg5 a6 10. Bxf6 Bxf6 11. Qf4 0-0 12. Rfd1 Be7 13. Ne4 Bxe4 14. Qxe4 Ra7 15. Nd4 Qc8 16. b3 Bf6 17. a4 Rd8 18. e3 Rc7 19. a5 Nd7 20. Ra2 Nc5 21. Qb1 bxa5 22. Rxa5 Qd7 23. b4 Rb8 24. Rxc5 Rxc5 25. bxc5 Rxb1 26. Rxb1 g6 27. Rb8+ Kg7 28. c6 Qc7 29. Rb7 Qc8 30. Nxe6+ Qxe6 31. Bd5 Qe8 32. Rxf7+ Qxf7 33. Bxf7 Bd8 34. Bd5 a5 35. f4 a4 36. e4 a3 37. c5 dxc5 38. e5 Kf8 39. Kf2 Ke7 40. Kf3 1-0

[Event "LSS WC-2011-S-00011"]
[Site "LSS email"]
[Date "2008.10.23"]
[Round "?"]
[White "Tortato, Lucio"]
[Black "Boychuk, Taras"]
[Result "0-1"]
[WhiteElo "1672"]
[BlackElo "2275"]
[PlyCount "52"]
[EventDate "2008.10.23"]
[EventType "tourn (corr)"]
[EventRounds "10"]
[EventCountry "GER"]
[SourceTitle "Corr 2011"]
[Source "ChessBase"]
[SourceDate "2010.08.31"]
[SourceVersion "1"]
[SourceVersionDate "2010.08.31"]
[SourceQuality "1"]

1. d4 Nf6 2. c4 g6 3. Nc3 Bg7 4. e4 d6 5. Nf3 0-0 6. Be2 c5 7. d5 e6 8. 0-0 Re8 9. Nd2 Na6 10. Kh1 Nc7 11. a4 b6 12. f3 Nh5 13. g3 Qd7 14. Nb3 exd5 15. cxd5 Nxg3+ 16. hxg3 Qh3+ 17. Kg1 Qxg3+ 18. Kh1 c4 19. Qe1 Qh3+ 20. Kg1 cxb3 21. Bf4 Bd4+ 22. Rf2 Re5 23. Bxe5 dxe5 24. Bf1 Qg3+ 25. Bg2 Bh3 26. Ne2 Qxg2# 0-1

[Event "LSS WC-2011-S-00011"]
[Site "LSS email"]
[Date "2008.10.23"]
[Round "?"]
[White "Tortato, Lucio"]
[Black "Salzmann, Stefan"]
[Result "0-1"]
[WhiteElo "1654"]
[BlackElo "2209"]
[PlyCount "44"]
[EventDate "2008.10.23"]
[EventType "tourn (corr)"]
[EventRounds "10"]
[EventCountry "GER"]
[SourceTitle "Corr 2011"]
[Source "ChessBase"]
[SourceDate "2010.08.31"]
[SourceVersion "1"]
[SourceVersionDate "2010.08.31"]
[SourceQuality "1"]

1. d4 Nf6 2. c4 e6 3. Nf3 b6 4. g3 Ba6 5. b3 Bb4+ 6. Bd2 Be7 7. Bg2 c6 8. Bc3 d5 9. Ne5 Nfd7 10. Nxd7 Nxd7 11. Nd2 0-0 12. 0-0 Rc8 13. e4 b5 14. exd5 cxd5 15. c5 b4 16. Bxb4 Bxf1 17. Bxf1 e5 18. Nf3 a5 19. Bd2 exd4 20. Nxd4 Bxc5 21. Be3 Qb6 22. Bg2 Rfe8 0-1

[Event "LSS WC-2011-S-00011"]
[Site "LSS email"]
[Date "2008.10.23"]
[Round "?"]
[White "Zebre, Peter"]
[Black "Tortato, Lucio"]
[Result "1-0"]
[WhiteElo "2329"]
[BlackElo "1672"]
[PlyCount "67"]
[EventDate "2008.10.23"]
[EventType "tourn (corr)"]
[EventRounds "10"]
[EventCountry "GER"]
[SourceTitle "Corr 2013"]
[Source "ChessBase"]
[SourceDate "2012.11.12"]
[SourceVersion "1"]
[SourceVersionDate "2012.11.12"]
[SourceQuality "1"]
[WhiteTeam "US of America"]
[BlackTeam "US of America"]
[WhiteTeamCountry "USA"]
[BlackTeamCountry "USA"]

1. d4 d5 2. c4 e6 3. Nc3 Nf6 4. cxd5 exd5 5. Bg5 Be7 6. e3 c6 7. Bd3 Nbd7 8. Qc2 0-0 9. Nge2 Re8 10. 0-0 Nf8 11. f3 Be6 12. Rad1 Ng6 13. Ng3 a6 14. Rde1 h6 15. Bxh6 gxh6 16. Bxg6 fxg6 17. Qxg6+ Kf8 18. e4 Qb6 19. Nce2 Bd8 20. Qxh6+ Kf7 21. Kh1 Ng8 22. Qh7+ Kf8 23. Nf4 Re7 24. Ng6+ Ke8 25. Nxe7 Nxe7 26. exd5 cxd5 27. Re2 Rc8 28. Nh5 Rc6 29. Nf6+ Kf8 30. Rfe1 Qxd4 31. Qh8+ Kf7 32. Qe8+ Kg7 33. Nh5+ Kh7 34. Qxd8 1-0

[Event "IECG CC.2008.0.00154 email"]
[Site "IECG email"]
[Date "2008.07.20"]
[Round "?"]
[White "Tortato, Lucio"]
[Black "Eide, John Henning"]
[Result "1-0"]
[WhiteElo "1672"]
[BlackElo "1523"]
[PlyCount "131"]
[EventDate "2008.07.20"]
[EventType "tourn (corr)"]
[EventRounds "6"]
[SourceTitle "Corr 2024"]
[Source "ChessBase"]
[SourceDate "2023.10.19"]
[SourceVersion "1"]
[SourceVersionDate "2023.10.19"]
[SourceQuality "1"]

1. d4 d5 2. c4 e5 3. dxe5 d4 4. Nf3 Nc6 5. g3 Be6 6. Nbd2 Qd7 7. Bg2 0-0-0 8. 0-0 Bf5 9. Nb3 d3 10. Re1 dxe2 11. Qxe2 Bd3 12. Qe3 Bxc4 13. Ng5 Bb4 14. Bxc6 Qxc6 15. Bd2 Bxd2 16. Nxd2 Bd5 17. Qxa7 Qa6 18. Qxa6 bxa6 19. Nb3 Nh6 20. Nc5 a5 21. Rac1 Rhe8 22. f4 Nf5 23. b3 h6 24. Nge4 Bc6 25. Kf2 g5 26. Rcd1 g4 27. a3 Rh8 28. Rc1 Rd4 29. Nf6 Bf3 30. Nce4 Rd3 31. Rc2 Rhd8 32. Rb2 R8d4 33. Kg1 Rd1 34. Rxd1 Rxd1+ 35. Kf2 Rh1 36. Rd2 Rxh2+ 37. Ke1 Rh3 38. Kf2 Rh1 39. b4 axb4 40. axb4 Kb7 41. Nc5+ Kc6 42. Nb3 Kb6 43. Nd7+ Kb5 44. Nd4+ Nxd4 45. Rxd4 Rh2+ 46. Ke3 Re2+ 47. Kd3 Rg2 48. f5 Rxg3 49. Ke3 Ba8+ 50. Kf4 Rg1 51. Rd3 g3 52. Rxg3 Rf1+ 53. Ke3 Rxf5 54. Rh3 Bc6 55. Nf6 Rxe5+ 56. Kf4 Re6 57. Rxh6 Kxb4 58. Kg5 Kc5 59. Rh7 Re5+ 60. Kf4 Re7 61. Rh2 Bd5 62. Rb2 c6 63. Rh2 Re1 64. Ng4 Re4+ 65. Kf5 Ra4 66. Nf6 1-0

[Event "IECG WC.2011.P.00001 email"]
[Site "IECG email"]
[Date "2007.04.04"]
[Round "?"]
[White "Morau, Jose Roberto"]
[Black "Tortato, Lucio"]
[Result "1/2-1/2"]
[WhiteElo "1627"]
[BlackElo "1596"]
[PlyCount "93"]
[EventDate "2007.04.04"]
[EventType "tourn (corr)"]
[EventRounds "6"]
[SourceTitle "Corr 2011"]
[Source "ChessBase"]
[SourceDate "2010.08.31"]
[SourceVersion "1"]
[SourceVersionDate "2010.08.31"]
[SourceQuality "1"]

1. e4 e5 2. Nf3 Nc6 3. Bc4 Nf6 4. Ng5 d5 5. exd5 Na5 6. Bb5+ c6 7. dxc6 bxc6 8. Qf3 Rb8 9. Bd3 h6 10. Ne4 Nd5 11. Be2 Be6 12. Nbc3 Nb4 13. Bd1 c5 14. Qg3 Nac6 15. 0-0 c4 16. a3 Nd5 17. d3 Nxc3 18. bxc3 Qc7 19. Be3 Ne7 20. Nc5 Bc8 21. Bg4 g6 22. Bxc8 Rxc8 23. Na6 Qd6 24. Nb4 a5 25. Na2 Bg7 26. Qh3 cxd3 27. cxd3 Qxd3 28. Rfd1 Qf5 29. Qh4 e4 30. Bd4 g5 31. Qg3 0-0 32. Bxg7 Kxg7 33. Nc1 Rfd8 34. Ne2 Rd3 35. Nd4 Qc5 36. Rxd3 exd3 37. Qxd3 Qxc3 38. Qxc3 Rxc3 39. Kf1 Nd5 40. a4 Kf6 41. g3 Nb6 42. h3 Ke5 43. Ne2 Rc4 44. Nc1 Rxa4 45. Rxa4 Nxa4 46. Nb3 Kd5 47. Nxa5 1/2-1/2

[Event "IECG CC.2006.0.00142 email"]
[Site "IECG email"]
[Date "2006.11.08"]
[Round "?"]
[White "Tortato, Lucio"]
[Black "Tsiapouris, Michael"]
[Result "1-0"]
[WhiteElo "1593"]
[BlackElo "1702"]
[PlyCount "65"]
[EventDate "2006.11.08"]
[EventType "tourn (corr)"]
[EventRounds "6"]
[SourceTitle "Corr 2011"]
[Source "ChessBase"]
[SourceDate "2010.08.31"]
[SourceVersion "1"]
[SourceVersionDate "2010.08.31"]
[SourceQuality "1"]

1. d4 Nf6 2. c4 g6 3. Nc3 Bg7 4. e4 d6 5. Nf3 0-0 6. Be2 e5 7. 0-0 Na6 8. Be3 Ng4 9. Bg5 Qe8 10. dxe5 dxe5 11. h3 h6 12. Bc1 Nf6 13. Be3 Qe7 14. a3 c6 15. b4 Nh5 16. c5 Rd8 17. Qc1 Kh7 18. Rd1 Be6 19. Qc2 Nc7 20. Rxd8 Rxd8 21. Rd1 Nf4 22. Bxf4 exf4 23. Bd3 Kg8 24. Ne2 g5 25. Qa4 a6 26. Qc2 Rd7 27. e5 Bd5 28. Ned4 Bxf3 29. Nxf3 Qd8 30. Qc4 Ne6 31. Qe4 Nd4 32. Nxd4 Rxd4 33. Qxd4 1-0

[Event "IECG CC.2005.0.00117 email"]
[Site "IECG email"]
[Date "2005.06.04"]
[Round "?"]
[White "Hausmann, Heiko"]
[Black "Tortato, Lucio"]
[Result "1/2-1/2"]
[WhiteElo "1624"]
[BlackElo "1453"]
[PlyCount "65"]
[EventDate "2005.06.04"]
[EventType "tourn (corr)"]
[EventRounds "6"]
[SourceTitle "Corr 2008"]
[Source "ChessBase"]
[SourceDate "2008.06.24"]
[SourceVersion "1"]
[SourceVersionDate "2008.06.24"]
[SourceQuality "1"]

1. e4 e5 2. Nf3 Nc6 3. Bb5 a6 4. Ba4 Nf6 5. 0-0 Be7 6. c3 d6 7. Re1 Bg4 8. d3 0-0 9. Nbd2 Re8 10. Nf1 Bf8 11. h3 Bd7 12. Ng3 g6 13. d4 Bg7 14. Bc2 Qe7 15. Be3 Qf8 16. Qd2 Rad8 17. Rad1 exd4 18. cxd4 Rc8 19. d5 Ne5 20. Nxe5 dxe5 21. Rc1 c6 22. d6 Be6 23. Red1 Red8 24. Qb4 Rd7 25. Bc5 Bh6 26. Ra1 Ne8 27. Rd3 Rcd8 28. Rad1 Bg5 29. a4 Qh6 30. a5 Rc8 31. Qc3 Qh4 32. Bb6 Bf4 33. Bc5 1/2-1/2

[Event "IECG CC.2005.0.00117 email"]
[Site "IECG email"]
[Date "2005.06.04"]
[Round "?"]
[White "Tortato, Lucio"]
[Black "Obando, Daniel"]
[Result "1-0"]
[WhiteElo "1453"]
[BlackElo "1600"]
[PlyCount "83"]
[EventDate "2005.06.04"]
[EventType "tourn (corr)"]
[EventRounds "6"]
[SourceTitle "Corr 2008"]
[Source "ChessBase"]
[SourceDate "2008.06.24"]
[SourceVersion "1"]
[SourceVersionDate "2008.06.24"]
[SourceQuality "1"]

1. d4 d5 2. c4 dxc4 3. Nf3 Nf6 4. e3 e6 5. Bxc4 Bd6 6. Nc3 Nc6 7. e4 Nd7 8. 0-0 0-0 9. Bg5 Be7 10. Bxe7 Nxe7 11. Qc2 Nb6 12. Bd3 Ng6 13. e5 Nd5 14. Be4 f5 15. exf6 Rxf6 16. Ne5 Nb4 17. Qa4 Nd5 18. Bxg6 hxg6 19. Rfe1 Nb6 20. Qd1 g5 21. Ne4 Rh6 22. Qg4 Nd5 23. Nxg5 Nf6 24. Qf4 Qf8 25. Nef7 Rh5 26. Qxc7 Nd5 27. Qe5 Nf6 28. f3 Nh7 29. Rac1 Nxg5 30. Nxg5 Bd7 31. Rc7 Qd8 32. f4 Rh6 33. Rxb7 Qf6 34. Rxd7 Qxe5 35. Rxe5 Rf6 36. Rxe6 a5 37. Ree7 Rg6 38. h4 Rf8 39. h5 Rh6 40. Rxg7+ Kh8 41. Rge7 Rxh5 42. Nh7 1-0

[Event "IECG CD.2003.0.00069 email"]
[Site "IECG email"]
[Date "2003.11.12"]
[Round "?"]
[White "Tortato, Lucio"]
[Black "McAndrew, Harry"]
[Result "1/2-1/2"]
[WhiteElo "1344"]
[BlackElo "1577"]
[PlyCount "141"]
[EventDate "2003.11.12"]
[EventType "tourn (corr)"]
[EventRounds "6"]
[SourceTitle "Corr 2024"]
[Source "ChessBase"]
[SourceDate "2023.10.19"]
[SourceVersion "1"]
[SourceVersionDate "2023.10.19"]
[SourceQuality "1"]

1. d4 Nf6 2. c4 e6 3. Nf3 b6 4. g3 Ba6 5. b3 Bb4+ 6. Bd2 Be7 7. Bg2 c6 8. Bc3 d5 9. Ne5 Nfd7 10. Nxd7 Nxd7 11. Nd2 Rc8 12. 0-0 0-0 13. e4 c5 14. exd5 exd5 15. dxc5 dxc4 16. c6 cxb3 17. Re1 Bb5 18. axb3 Bxc6 19. Bxc6 Rxc6 20. Rxa7 Bf6 21. Nc4 Bxc3 22. Rxd7 Qc8 23. Re4 Bf6 24. Kg2 g6 25. Qd5 b5 26. Na3 Rc5 27. Qb7 Rc3 28. Rb4 Qc5 29. Qxb5 Be7 30. Nb1 Rc1 31. Qxc5 Bxc5 32. Rc7 Bxb4 33. Rxc1 Rb8 34. Rd1 h5 35. h4 Kg7 36. Rd3 f6 37. Nc3 g5 38. Nd5 Bf8 39. Rf3 gxh4 40. Nxf6 Rb5 41. Ne8+ Kg8 42. Nc7 Re5 43. gxh4 Bd6 44. Rc3 Re4 45. Nd5 Rxh4 46. Rc6 Be5 47. Re6 Rg4+ 48. Kh3 Bd4 49. f4 Rg1 50. b4 Rh1+ 51. Kg2 Rg1+ 52. Kf3 Kg7 53. f5 h4 54. Re4 Rg3+ 55. Ke2 Bf6 56. Rc4 Bg5 57. Rc7+ Kg8 58. Rc3 Rxc3 59. Nxc3 Bf4 60. Ne4 h3 61. Kf3 h2 62. Kg2 Kf7 63. b5 Bb8 64. b6 Be5 65. Nf2 Bb8 66. Ng4 Bd6 67. b7 Bb8 68. Kh1 Bc7 69. Ne3 Bb8 70. Nd5 Bd6 71. Nc3 1/2-1/2

[Event "IECG CE.2003.0.00054 email"]
[Site "IECG email"]
[Date "2003.05.29"]
[Round "?"]
[White "Davies, Stephen"]
[Black "Tortato, Lucio"]
[Result "0-1"]
[WhiteElo "1383"]
[BlackElo "1290"]
[PlyCount "58"]
[EventDate "2003.05.29"]
[EventType "tourn (corr)"]
[EventRounds "6"]
[SourceTitle "Corr 2008"]
[Source "ChessBase"]
[SourceDate "2008.06.24"]
[SourceVersion "1"]
[SourceVersionDate "2008.06.24"]
[SourceQuality "1"]

1. d4 d5 2. c4 e6 3. Nc3 Nf6 4. Bg5 Be7 5. e3 0-0 6. Nf3 Nbd7 7. Rc1 c6 8. Bd3 dxc4 9. Bxc4 Nd5 10. Bxe7 Qxe7 11. 0-0 Nxc3 12. Rxc3 e5 13. dxe5 Nxe5 14. Nxe5 Qxe5 15. f4 Qe4 16. Qe2 Rd8 17. Rd3 Bg4 18. Qc2 Rxd3 19. Qxd3 Qxd3 20. Bxd3 Rd8 21. Bc2 Rd2 22. Rf2 Be2 23. Bb3 c5 24. h3 c4 25. Rxe2 Rxe2 26. Bxc4 Rxb2 27. e4 b5 28. Bd5 a5 29. e5 Rd2 0-1

[Event "IECG CE.2003.0.00054 email"]
[Site "IECG email"]
[Date "2003.05.29"]
[Round "?"]
[White "Verhaeren, Gertjan"]
[Black "Tortato, Lucio"]
[Result "0-1"]
[WhiteElo "1200"]
[BlackElo "1290"]
[PlyCount "72"]
[EventDate "2003.05.29"]
[EventType "tourn (corr)"]
[EventRounds "6"]
[SourceTitle "Corr 2008"]
[Source "ChessBase"]
[SourceDate "2008.06.24"]
[SourceVersion "1"]
[SourceVersionDate "2008.06.24"]
[SourceQuality "1"]

1. b3 e5 2. Bb2 Nc6 3. e4 Nf6 4. Bd3 Bc5 5. Nf3 d6 6. 0-0 0-0 7. Nc3 a6 8. Na4 Ba7 9. Nc3 Be6 10. Ng5 Bg4 11. Be2 Bd7 12. d3 Nd4 13. Qd2 c6 14. Nf3 Qa5 15. Nxd4 Bxd4 16. Kh1 Rfe8 17. f4 exf4 18. Rxf4 Qg5 19. Rd1 b5 20. Rff1 Qe5 21. a3 a5 22. Qe1 b4 23. axb4 axb4 24. Na4 Bxb2 25. Qxb4 c5 26. Qd2 Bxa4 27. bxa4 Rxa4 28. Rf5 Qc3 29. Qxc3 Bxc3 30. Rdf1 Ra2 31. Bd1 Rb8 32. g4 c4 33. R5f3 Nxg4 34. dxc4 Be5 35. Rxf7 Nxh2 36. R1f2 Ra1 0-1

[Event "IECG CE.2002.0.00034 email"]
[Site "IECG email"]
[Date "2002.08.08"]
[Round "?"]
[White "Tortato, Lucio"]
[Black "Edwardson, Zachariah"]
[Result "1-0"]
[WhiteElo "1159"]
[BlackElo "1251"]
[PlyCount "75"]
[EventDate "2002.08.08"]
[EventType "tourn (corr)"]
[EventRounds "6"]
[SourceTitle "Corr 2008"]
[Source "ChessBase"]
[SourceDate "2008.06.24"]
[SourceVersion "1"]
[SourceVersionDate "2008.06.24"]
[SourceQuality "1"]

1. d4 f5 2. e4 fxe4 3. Nc3 Nf6 4. Bg5 Nc6 5. d5 Ne5 6. Qd4 Nf7 7. Bxf6 exf6 8. Nxe4 Be7 9. 0-0-0 0-0 10. Nf3 d6 11. Ng3 Ne5 12. Bd3 Nxf3 13. gxf3 f5 14. f4 Bf6 15. Qc4 Bd7 16. Rhe1 b5 17. Qb3 g6 18. Bf1 Bg7 19. Ne2 Re8 20. Bg2 a5 21. Qd3 Qf6 22. c3 b4 23. Nd4 Rxe1 24. Rxe1 bxc3 25. bxc3 Rb8 26. Re2 Bh6 27. Qg3 Rb4 28. Rd2 Rc4 29. Kb1 Bg7 30. Qd3 Rc5 31. h3 Qd8 32. Rb2 Qe8 33. Re2 Qb8+ 34. Rb2 Qe8 35. Re2 Qb8+ 36. Rb2 Qa7 37. Nc6 Bxc3 38. Nxa7 1-0

[Event "IECG CN.2002.0.00289 email"]
[Site "IECG email"]
[Date "2002.04.03"]
[Round "?"]
[White "Tortato, Lucio"]
[Black "Garcia Alonso, Juan Luis"]
[Result "1-0"]
[WhiteElo "800"]
[BlackElo "785"]
[PlyCount "94"]
[EventDate "2002.04.03"]
[EventType "tourn (corr)"]
[EventRounds "6"]
[SourceTitle "Corr 2008"]
[Source "ChessBase"]
[SourceDate "2008.06.24"]
[SourceVersion "1"]
[SourceVersionDate "2008.06.24"]
[SourceQuality "1"]

1. d4 Nf6 2. c4 g6 3. Nc3 c6 4. e4 d5 5. e5 Ne4 6. Bd3 Nxc3 7. bxc3 Be6 8. cxd5 Bxd5 9. Nf3 Bg7 10. 0-0 0-0 11. Ng5 h6 12. Ne4 f5 13. exf6 exf6 14. Re1 f5 15. Nc5 Qh4 16. Rb1 b6 17. Ne6 Rf7 18. Nf4 Nd7 19. Nxg6 Qf6 20. Nf4 Be4 21. Bxe4 fxe4 22. Rxe4 Qf5 23. Qd3 c5 24. Re6 Qxd3 25. Nxd3 cxd4 26. cxd4 Bxd4 27. Rg6+ Rg7 28. Rd6 Ne5 29. Bxh6 Rg6 30. Rxg6+ Nxg6 31. Kf1 Re8 32. Bg5 Nf8 33. h4 Ne6 34. Re1 Kf7 35. f4 Rh8 36. f5 Nxg5 37. hxg5 Rh1+ 38. Ke2 Rh5 39. g6+ Kf6 40. g4 Rh2+ 41. Kf3 Rxa2 42. Re6+ Kg7 43. Re7+ Kf8 44. Rd7 Bc3 45. g5 Ra5 46. f6 Bxf6 47. Rf7+ Kg8 1-0